| 000 | 01088cam a2200313 4500 | ||
|---|---|---|---|
| 008 | #DATE n2002 000 0 eng u | ||
| 020 | _a0727730894 | ||
| 035 | _a(Sirsi) u121064 | ||
| 041 | _aeng | ||
| 050 |
_a690.25 _c18 |
||
| 100 | _aFreeman, T.J. | ||
| 245 | _aHas your house got cracks? A homeowner's guide to subsidence and heave damage | ||
| 250 | _a2nd ed. | ||
| 260 |
_aLondon _bThomas Telford _c2002 |
||
| 300 |
_a154p. _c22cm. |
||
| 350 | _a15 | ||
| 520 | _aCommissioned by the Institution of Civil Engineers and Building Research Establishment, this text provides guidance to homeowners whose properties have been affected by subsidence or who are concerned by the potential risk of damage. | ||
| 650 | _aBUILDING DEFECTS | ||
| 650 | _aBUILDING FAILURES | ||
| 650 | _aCLAY SOIL | ||
| 650 | _aHOUSES | ||
| 650 | _aSUBSIDENCE | ||
| 690 | _aBUILT ENVIRONMENT-BUILDING PATHOLOGY | ||
| 700 | _aLittlejohn, G.S. | ||
| 700 | _aDriscoll, R.M.C. | ||
| 710 |
_aInstitution of Civil Engineers _91402 |
||
| 710 | _aBuilding Research Establishment | ||
| 942 | _n0 | ||
| 999 |
_c102620 _d102620 |
||